000 01068nam a2200301Ia 4500
003 OSt
005 20221007122224.0
006 a|||||r|||| 00| 0
007 ta
008 221006b |||||||| |||| 00| 0 eng d
020 _a8181285034 (hbd)
024 _a79874
037 _b9947, 26/12/2007, Asian Books Pvt. Ltd.
_cTextual
040 _aPAPL
_cPAPL
_beng
041 _2eng
_aeng
082 _aC9B3, P5;1 Carpa
100 _aBasdevant Jean-Louis
_9713549
245 0 _aFundamentals in nuclear physics: From nuclear structure to cosmology
_b Rich James Spiro Michel
260 _aNew
_bDelhi Springer (India) Pvt. Ltd.
_c2005
300 _axiii,515p. ill.
_ccm.
500 _aIncludes bibliographical references; Index 511-515p
650 _a Nuclear physics
_9543687
650 _aPhysics
700 _a Rich James
_9713551
700 _a Spiro Michel
_9713552
942 _hC9B3, P5;1 Carpa
_cTEXL
_2CC
999 _c1209967
_d1209967